000 00384nam a22001217a 4500
082 _a200 THE
100 _aAFZA KAZMI
_970123
245 _aTH-SOF-1262-Model Driven Architecture for Decentralized Software Defined VANET's
260 _aIslamabad
_bNUST College of EME
_c2016
650 _a MS-CSE-13 MSTHESIS
_969839
700 _aSupervisor Dr. Muazzam A.Khan
_969916
942 _cCF
999 _c577157
_d577157